[Event "Abu Dhabi op 25th"]
[Site "Abu Dhabi"]
[Date "2018.08.14"]
[Round "8"]
[White "Mohota, Nisha"]
[Black "Moayed, Obied"]
[Result "1-0"]
[WhiteElo "2268"]
[BlackElo "2146"]
[PlyCount "107"]
[EventDate "2018.08.07"]
[EventType "swiss"]
[EventRounds "9"]
[EventCountry "UAE"]
[SourceTitle "CBM 185 Extra"]
[Source "ChessBase"]
[SourceDate "2018.07.29"]
[SourceVersion "1"]
[SourceVersionDate "2018.07.29"]
[SourceQuality "1"]

1. d4 d5 2. c4 e6 3. Nf3 Nf6 4. g3 dxc4 5. Bg2 Nc6 6. 0-0 Rb8 7. e3 Be7 8. Qe2 0-0 9. Qxc4 Bd7 10. Rd1 Bd6 11. b3 Qe7 12. Bb2 e5 13. d5 Nb4 14. Ne1 c6 15. dxc6 Bxc6 16. Bxc6 Nxc6 17. Nd2 Rbc8 18. Qh4 Rfd8 19. Nc4 b5 20. Nxd6 Rxd6 21. Rdc1 Rd2 22. Bc3 Rdd8 23. Rc2 Qe6 24. Rac1 Qf5 25. f3 Qe6 26. Bb2 Rd6 27. Ba3 Rd7 28. e4 a5 29. Qg5 Rdd8 30. Bb2 Nd4 31. Rxc8 Rxc8 32. Rxc8+ Qxc8 33. Qxe5 Ne6 34. Qxb5 Qd8 35. Bc3 h6 36. Qxa5 Qd1 37. Qb4 Qe2 38. Qc4 Qxa2 39. e5 Nh5 40. f4 Qa7+ 41. Kf1 Qb7 42. Kf2 Qb6+ 43. Ke2 Qg1 44. Nf3 Qg2+ 45. Ke3 Qc2 46. Bd2 Qa2 47. Qa4 Qb2 48. b4 g6 49. b5 Nhg7 50. g4 h5 51. h3 hxg4 52. hxg4 Nc5 53. Qa8+ Kh7 54. Ng5+ 1-0

[Event "Abu Dhabi op 25th"]
[Site "Abu Dhabi"]
[Date "2018.08.11"]
[Round "5"]
[White "Moayed, Obied"]
[Black "Villanueva, Nelson"]
[Result "1/2-1/2"]
[WhiteElo "2146"]
[BlackElo "2133"]
[PlyCount "116"]
[EventDate "2018.08.07"]
[EventType "swiss"]
[EventRounds "9"]
[EventCountry "UAE"]
[SourceTitle "CBM 185 Extra"]
[Source "ChessBase"]
[SourceDate "2018.07.29"]
[SourceVersion "1"]
[SourceVersionDate "2018.07.29"]
[SourceQuality "1"]

1. d4 Nf6 2. c4 g6 3. Nc3 d5 4. cxd5 Nxd5 5. e4 Nxc3 6. bxc3 Bg7 7. Bc4 0-0 8. Ne2 c5 9. 0-0 cxd4 10. cxd4 Nc6 11. Be3 Na5 12. Bd3 f5 13. e5 b6 14. Nf4 Bb7 15. f3 Bh6 16. Be2 Rc8 17. Qd2 Bxf4 18. Bxf4 Qd5 19. Rfd1 Rfd8 20. Be3 Nc4 21. Bxc4 Rxc4 22. Rac1 Rdc8 23. Qb2 Kf7 24. Rxc4 Rxc4 25. Qf2 Ra4 26. Rd2 h5 27. Rc2 f4 28. Bxf4 Rxd4 29. Rd2 Rxd2 30. Qxd2 Qxd2 31. Bxd2 Ke6 32. Bg5 Kxe5 33. Bxe7 Bd5 34. a3 Kd4 35. Kf2 Kc4 36. g4 b5 37. gxh5 gxh5 38. Ke3 a5 39. f4 b4 40. axb4 axb4 41. f5 b3 42. Bf6 Bg8 43. Bb2 Kd5 44. Kf4 Bf7 45. Kg5 Ke4 46. Kf6 Bc4 47. Kg6 Kf4 48. f6 Kg4 49. Be5 h4 50. Bc3 Kh3 51. Be5 Kg2 52. Kg5 h3 53. Kg4 Be6+ 54. Kh4 b2 55. Bxb2 Kxh2 56. Kg5 Kg2 57. Be5 h2 58. Bxh2 Kxh2 1/2-1/2

[Event "Abu Dhabi op 25th"]
[Site "Abu Dhabi"]
[Date "2018.08.07"]
[Round "1"]
[White "Moayed, Obied"]
[Black "Mammadzada, Gunay Vuqar Qizi"]
[Result "0-1"]
[WhiteElo "2146"]
[BlackElo "2426"]
[PlyCount "49"]
[EventDate "2018.08.07"]
[EventType "swiss"]
[EventRounds "9"]
[EventCountry "UAE"]
[SourceTitle "CBM 185 Extra"]
[Source "ChessBase"]
[SourceDate "2018.07.29"]
[SourceVersion "1"]
[SourceVersionDate "2018.07.29"]
[SourceQuality "1"]

1. d4 d5 2. c4 e6 3. Nf3 c6 4. Qc2 dxc4 5. Qxc4 Nf6 6. g3 b5 7. Qc2 Bb7 8. Bg2 Nbd7 9. 0-0 c5 10. Nc3 Qb6 11. dxc5 Bxc5 12. a4 b4 13. a5 Qc7 14. Bf4 Qc8 15. a6 Bxf3 16. Bxf3 bxc3 17. Qxc3 0-0 18. Bb7 Qd8 19. Rfd1 Qb6 20. Qf3 Rad8 21. Rd2 Ne5 22. Bxe5 Rxd2 23. Bxf6 gxf6 24. Qg4+ Kh8 25. Be4 0-1

[Event "Arab Clubs-chT"]
[Site "Sharjah"]
[Date "2018.02.12"]
[Round "8.1"]
[White "Tagelsir, Abubaker"]
[Black "Moayed, Obied"]
[Result "1-0"]
[WhiteElo "2232"]
[BlackElo "2107"]
[PlyCount "55"]
[EventDate "2018.02.06"]
[EventType "team-tourn"]
[EventRounds "9"]
[EventCountry "UAE"]
[SourceTitle "CBM 182 Extra"]
[Source "ChessBase"]
[SourceDate "2018.02.23"]
[SourceVersion "1"]
[SourceVersionDate "2018.02.23"]
[SourceQuality "1"]
[WhiteTeam "Al Thawrra District 14"]
[BlackTeam "Amman"]
[WhiteTeamCountry "SUD"]
[BlackTeamCountry "JOR"]

1. e4 c5 2. Nf3 g6 3. d4 cxd4 4. Qxd4 Nf6 5. e5 Nc6 6. Qa4 Nd5 7. Qe4 Nc7 8. Nc3 Bg7 9. Bf4 0-0 10. 0-0-0 Ne6 11. Bg3 Qa5 12. Bc4 a6 13. h4 b5 14. Bxe6 fxe6 15. Kb1 b4 16. Ne2 Rf5 17. Ned4 Bb7 18. Nxf5 gxf5 19. Qe1 Qc7 20. Bf4 Rc8 21. Qd2 Nb8 22. Bh6 Bh8 23. Qg5+ Kf7 24. Qh5+ Kg8 25. Ng5 Qxc2+ 26. Ka1 Qxb2+ 27. Kxb2 Bxe5+ 28. Kb1 1-0

[Event "Arab Clubs-chT"]
[Site "Sharjah"]
[Date "2018.02.11"]
[Round "7.1"]
[White "Moayed, Obied"]
[Black "Al Huwar, Jasem"]
[Result "1-0"]
[WhiteElo "2107"]
[BlackElo "2303"]
[PlyCount "85"]
[EventDate "2018.02.06"]
[EventType "team-tourn"]
[EventRounds "9"]
[EventCountry "UAE"]
[SourceTitle "CBM 182 Extra"]
[Source "ChessBase"]
[SourceDate "2018.02.23"]
[SourceVersion "1"]
[SourceVersionDate "2018.02.23"]
[SourceQuality "1"]
[WhiteTeam "Amman"]
[BlackTeam "Sharjah"]
[WhiteTeamCountry "JOR"]
[BlackTeamCountry "UAE"]

1. d4 g6 2. c4 Bg7 3. Nc3 d6 4. e4 Nc6 5. Be3 e5 6. d5 Nce7 7. c5 f5 8. Bb5+ Kf7 9. f3 Nf6 10. Nge2 f4 11. Bf2 g5 12. Nc1 Ng6 13. Nb3 g4 14. Rc1 gxf3 15. gxf3 Nh5 16. cxd6 cxd6 17. Be2 Bf6 18. Kd2 Bd7 19. Nb5 Bxb5 20. Bxb5 a6 21. Bf1 Bh4 22. Qe1 Re8 23. Bh3 Bxf2 24. Qxf2 Re7 25. Rc3 a5 26. Rhc1 Qe8 27. Kc2 Nf6 28. Kb1 Nd7 29. Rc7 a4 30. Nd2 Nc5 31. R7xc5 dxc5 32. d6 Rd7 33. Qxc5 Rad8 34. Nc4 Kf6 35. Qb5 Nh4 36. Bxd7 Rxd7 37. Nxe5 Qxe5 38. Qxd7 Nxf3 39. Qd8+ Kf7 40. Rc7+ Kg6 41. Qg8+ Kf6 42. Qg7+ Ke6 43. Qe7# 1-0

[Event "Arab Clubs-chT"]
[Site "Marrakesh"]
[Date "2016.12.03"]
[Round "2"]
[White "Tissir, Mohamed"]
[Black "Moayed, Obied"]
[Result "0-1"]
[WhiteElo "2376"]
[BlackElo "2111"]
[PlyCount "108"]
[EventDate "2016.12.02"]
[EventType "team-tourn"]
[EventRounds "7"]
[EventCountry "MAR"]
[SourceTitle "CBM 176 Extra"]
[Source "ChessBase"]
[SourceDate "2017.03.02"]
[SourceVersion "1"]
[SourceVersionDate "2017.03.02"]
[SourceQuality "1"]
[WhiteTeam "Raja Elbaidaoui"]
[BlackTeam "Alamana"]
[WhiteTeamCountry "MAR"]
[BlackTeamCountry "JOR"]

1. e4 c5 2. Nf3 g6 3. c3 Bg7 4. Na3 d5 5. exd5 Qxd5 6. d4 cxd4 7. Nb5 Na6 8. Nbxd4 Nf6 9. Be2 0-0 10. 0-0 Rd8 11. Qb3 Nc5 12. Qa3 Nfe4 13. Be3 b6 14. Rad1 Qb7 15. b4 Ne6 16. c4 a5 17. b5 N6c5 18. Nc6 Re8 19. Bd4 Bf8 20. Qe3 f6 21. Nd2 Nxd2 22. Rxd2 e5 23. f4 exd4 24. Qxe8 Bd7 25. Ne7+ Kg7 26. Nf5+ Bxf5 27. Qc6 Qxc6 28. bxc6 Be4 29. Rxd4 Bxc6 30. f5 Nd7 31. Rdd1 Bc5+ 32. Kh1 Ne5 33. Rd2 g5 34. h3 h5 35. Rfd1 h4 36. Kh2 Be4 37. Bg4 Ra7 38. Rd8 Nxc4 39. R1d4 Bxd4 40. Rxd4 Bxf5 41. Bxf5 Ne5 42. Rd6 b5 43. Rb6 b4 44. Rb5 Nc6 45. Be4 Nd4 46. Rb8 Ne2 47. Bd5 Nc3 48. Bb3 a4 49. Bc4 b3 50. axb3 a3 51. b4 a2 52. Bxa2 Rxa2 53. b5 Rb2 54. b6 Ne4 0-1

[Event "Arab Clubs-chT"]
[Site "Marrakesh"]
[Date "2014.05.28"]
[Round "5"]
[White "Moayed, Obied"]
[Black "Al Awadhi, Waleed"]
[Result "0-1"]
[WhiteElo "2096"]
[BlackElo "1867"]
[PlyCount "90"]
[EventDate "2014.05.24"]
[EventType "team-swiss"]
[EventRounds "9"]
[EventCountry "MAR"]
[SourceTitle "EXT 2018"]
[Source "ChessBase"]
[SourceDate "2017.10.13"]
[SourceVersion "1"]
[SourceVersionDate "2017.10.13"]
[SourceQuality "1"]
[WhiteTeam "Jordan"]
[BlackTeam "Kuwait Mind Sports"]
[WhiteTeamCountry "JOR"]
[BlackTeamCountry "KUW"]

1. d4 e6 2. g3 f5 3. Bg2 Nf6 4. h4 d6 5. Nh3 Be7 6. c3 c6 7. Bg5 e5 8. Qb3 Qb6 9. dxe5 Qxb3 10. axb3 dxe5 11. Nd2 Be6 12. Be3 a6 13. Nc4 Nbd7 14. Ng5 Bg8 15. Nf3 Ng4 16. Bg5 Bc5 17. 0-0 h6 18. Bd2 0-0-0 19. Rad1 Nb6 20. Nxb6+ Bxb6 21. c4 e4 22. Nh2 Nxf2 23. Rxf2 e3 24. Rff1 exd2+ 25. Kh1 Bh7 26. Bh3 Rhe8 27. Bxf5+ Bxf5 28. Rxf5 Rxe2 29. Rff1 Bc7 30. Rg1 Rd3 31. Nf1 Ba5 32. Nh2 Rxb3 33. Nf1 Rd3 34. Nh2 h5 35. Rgf1 Ree3 36. Rg1 Bc7 37. Nf1 Re1 38. Nxd2 Rxg1+ 39. Rxg1 Rxd2 40. Rf1 Be5 41. Rf5 Re2 42. Rxh5 Re3 43. Rg5 a5 44. Kg2 a4 45. Kf2 Bd4 0-1

[Event "Dubai op 16th"]
[Site "Dubai"]
[Date "2014.04.07"]
[Round "1"]
[White "Bachmann, Axel"]
[Black "Moayed, Obied"]
[Result "1-0"]
[WhiteElo "2598"]
[BlackElo "2102"]
[PlyCount "51"]
[EventDate "2014.04.07"]
[EventType "swiss"]
[EventRounds "9"]
[EventCountry "UAE"]
[SourceTitle "CBM 159 Extra"]
[Source "ChessBase"]
[SourceDate "2014.04.24"]
[SourceVersion "1"]
[SourceVersionDate "2014.04.24"]
[SourceQuality "1"]

1. e4 c5 2. Nc3 g6 3. d4 cxd4 4. Qxd4 Nf6 5. Bg5 Nc6 6. Qd2 Bg7 7. Bc4 d6 8. f3 Bd7 9. Bb3 0-0 10. Nge2 Qa5 11. Bh6 b5 12. h4 Ne5 13. h5 Nc4 14. Qg5 Rfc8 15. hxg6 fxg6 16. Bxg7 Kxg7 17. 0-0-0 Qb6 18. Bxc4 Rxc4 19. Nd5 Qc5 20. Kb1 Rh8 21. Nef4 Kf7 22. Rxh7+ Rxh7 23. Qxg6+ Kf8 24. Nxf6 exf6 25. Qxh7 Ke8 26. Qg8+ 1-0

[Event "Arab Clubs-chT"]
[Site "Monastir"]
[Date "2013.11.07"]
[Round "5.2"]
[White "Belouadah, Saad"]
[Black "Moayed, Obied"]
[Result "1-0"]
[WhiteElo "2301"]
[BlackElo "2058"]
[PlyCount "119"]
[EventDate "2013.11.04"]
[EventType "team-tourn"]
[EventRounds "9"]
[EventCountry "TUN"]
[SourceTitle "EXT 2014"]
[Source "ChessBase"]
[SourceDate "2013.11.20"]
[SourceVersion "1"]
[SourceVersionDate "2013.11.20"]
[SourceQuality "1"]
[WhiteTeam "ASSN"]
[BlackTeam "Amman"]
[WhiteTeamCountry "ALG"]
[BlackTeamCountry "JOR"]

1. d4 d5 2. c4 e6 3. Nf3 Nf6 4. Nc3 Be7 5. g3 0-0 6. Bg2 dxc4 7. Qa4 a6 8. Qxc4 b5 9. Qb3 Bb7 10. 0-0 Nbd7 11. Rd1 c5 12. dxc5 Qa5 13. Bd2 Nxc5 14. Nd5 Nxd5 15. Bxa5 Nxb3 16. axb3 Rac8 17. Nd4 Bf6 18. e4 Bxd4 19. exd5 Bxb2 20. Ra2 Bf6 21. d6 Bxg2 22. Kxg2 Ra8 23. d7 Rfb8 24. Bc7 Rf8 25. Rad2 Bd8 26. Bd6 a5 27. Rc2 Ra7 28. Bb8 Rb7 29. Rc8 f6 30. Bd6 Rxd7 31. Bxf8 Rxd1 32. Be7 Kf7 33. Bxd8 Rd3 34. Bxa5 Rxb3 35. Rc7+ Kg6 36. Rb7 h5 37. h3 e5 38. Bd8 Rb2 39. Be7 Kf5 40. Ba3 Rb3 41. Bc5 g5 42. Rb6 g4 43. h4 Rf3 44. Rxb5 Ke6 45. Rb6+ Kf7 46. Be3 Kg7 47. Rb8 f5 48. Bg5 f4 49. gxf4 exf4 50. Rb6 Rh3 51. Rb7+ Kg6 52. Rb6+ Kf5 53. Rf6+ Ke5 54. Rxf4 Rxh4 55. Bxh4 Kxf4 56. Bd8 Kf5 57. Kg3 Kg6 58. Kh4 Kh6 59. Bg5+ Kg6 60. Be3 1-0

[Event "Arab Clubs-chT 12th"]
[Site "Aden"]
[Date "2010.12.13"]
[Round "2"]
[White "Moayed, Obied"]
[Black "Amin, Bassem"]
[Result "0-1"]
[WhiteElo "1927"]
[BlackElo "2597"]
[PlyCount "59"]
[EventDate "2010.12.12"]
[EventType "team"]
[EventRounds "9"]
[EventCountry "YEM"]
[SourceTitle "EXT 2013"]
[Source "ChessBase"]
[SourceDate "2012.11.22"]
[SourceVersion "1"]
[SourceVersionDate "2012.11.22"]
[SourceQuality "1"]

1. d4 Nf6 2. c4 e6 3. Nf3 Bb4+ 4. Bd2 Qe7 5. Qc2 Bxd2+ 6. Nbxd2 d6 7. g3 e5 8. dxe5 dxe5 9. Bg2 Nc6 10. 0-0 e4 11. Ng5 Nd4 12. Qd1 Bg4 13. Qa4+ Bd7 14. Qd1 0-0-0 15. Ngxe4 Bg4 16. Qa4 Nxe4 17. Nxe4 Nxe2+ 18. Kh1 f5 19. Nc3 Nxc3 20. bxc3 Qc5 21. Rab1 c6 22. Qb4 Qxb4 23. cxb4 Be2 24. Rfc1 Rd7 25. a4 Rhd8 26. Kg1 Rd4 27. c5 Bd3 28. Ra1 Rxb4 29. a5 Rb2 30. Bh3 0-1

[Event "JOR-ch sf"]
[Site "Amman"]
[Date "2009.04.03"]
[Round "8"]
[White "Moayed, Obied"]
[Black "Alsane, Abdallah"]
[Result "1/2-1/2"]
[WhiteElo "1899"]
[BlackElo "2028"]
[PlyCount "54"]
[EventDate "2009.03.26"]
[EventType "swiss"]
[EventRounds "9"]
[EventCountry "JOR"]
[SourceTitle "EXT 2022"]
[Source "ChessBase"]
[SourceDate "2021.10.06"]
[SourceVersion "1"]
[SourceVersionDate "2021.10.06"]
[SourceQuality "1"]

1. d4 Nf6 2. c4 g6 3. Nc3 d5 4. cxd5 Nxd5 5. e4 Nxc3 6. bxc3 c5 7. Bc4 Bg7 8. Ne2 Nc6 9. Be3 0-0 10. 0-0 cxd4 11. cxd4 Bg4 12. f3 Bd7 13. Qd2 Rc8 14. Rac1 Na5 15. Bd3 b6 16. f4 Rxc1 17. Rxc1 Qa8 18. Rc7 Bg4 19. d5 Rc8 20. Qc2 Qb8 21. Rxc8+ Bxc8 22. Nd4 Bd7 23. e5 Bf8 24. Bd2 Nb7 25. Be4 Nd8 26. Be3 a5 27. a3 b5 1/2-1/2